书目信息 |
| 题名: |
全国历届高考数学题解
|
|
| 作者: | ;河北人民出版社 编 | |
| 分册: | ||
| 出版信息: | 石家庄 河北人民出版社 1979 |
|
| 页数: | 190页 | |
| 开本: | 19cm | |
| 丛书名: | ||
| 单 册: | ||
| 中图分类: | G633.8 | |
| 科图分类: | ||
| 主题词: | 教育--各级 | |
| 电子资源: | ||
| ISBN: | ||
| 000 | 00588nam0 2200205 45 | |
| 001 | 0303111618 | |
| 005 | 20070709090419.06 | |
| 010 | @dCNY0.50 | |
| 091 | @a7086.446 | |
| 100 | @a20030311d1979 km y0chiy0120 ea | |
| 101 | 0 | @achi |
| 200 | 1 | @a全国历届高考数学题解@AQuan Guo Li Jie Gao Kao Shu Xue Ti Jie@e1951-1978@f本社编@FBen She Bian |
| 210 | @a石家庄@c河北人民出版社@d1979 | |
| 215 | @a190页@d19cm | |
| 517 | @a1951-1978 | |
| 606 | 0 | @a教育@x各级 |
| 690 | @aG633.8@v3 | |
| 711 | 02 | @a河北人民出版社@AHe Bei Ren Min Chu Ban She@4编 |
| 801 | @aCN@bTSTC@c20070709 | |
| 905 | @dG633.6@e62 | |
| 全国历届高考数学题解:1951-1978/本社编.-石家庄:河北人民出版社,1979 |
| 190页;19cm |
| ISBN :CNY0.50 |
| ● |
| 相关链接 |
|
|
|
|
正题名:全国历届高考数学题解
索取号:G633.6/62
 
预约/预借
| 序号 | 登录号 | 条形码 | 馆藏地/架位号 | 状态 | 备注 |
| 1 | 0012310 | 001779105 | 密集书库/ [索取号:G633.6/62] | 在馆 | |
| 2 | 0012311 | 001779061 | 密集书库/ [索取号:G633.6/62] | 在馆 | |
| 3 | 0012312 | 001779025 | 密集书库/ [索取号:G633.6/62] | 在馆 | |
| 4 | 0012313 | 000606320 | 密集书库/ [索取号:G633.6/62] | 在馆 | |
| 5 | 0012314 | 001778936 | 密集书库/ [索取号:G633.6/62] | 在馆 | |
| 6 | 0012315 | 001778945 | 密集书库/ [索取号:G633.6/62] | 在馆 | |
| 7 | 0012316 | 001778981 | 密集书库/ [索取号:G633.6/62] | 在馆 | |
| 8 | 0012319 | 001778972 | 密集书库/ [索取号:G633.6/62] | 在馆 | |
| 9 | 0107018 | 202435720 | 第一样本阅览室/ [索取号:G633.6/62] | 在馆 | |
| 10 | 0768768 | 207687680 | 密集书库/ [索取号:G633.6/62] | 在馆 |